Name that North American Country - Statistics

General Stats
  • This quiz has been taken 50 times
  • The average score is 9 of 10
Answer Stats
Hint Answer % Correct
To have the most lakes in the world Canada
98%
To be the biggest in the Carribean Cuba
98%
To be connected to South America Panama
98%
To have the island of Tobago Trinidad
98%
To have the largest economy United States of America
98%
To hold the largest city in North America Mexico
96%
To have the capital of San José Costa Rica
94%
To be the largest in Central America Nicaragua
94%
To be the most visited in the Carribean Dominican Republic
90%
To have the biggest population density Barbados
69%
No matching quizzes found
Score Distribution
Percent of People with Each Score
Percentile by Number Answered
Your Score History
You have not taken this quiz